Les Pokémons de type Eau - Statistiques

Statistiques générales
  • Ce quiz a été pris 258 fois
    157 depuis la dernière actualisation
  • Le résultat moyen est 113 sur 148
Statistiques - réponses
Gen Type 1 Type 2 Pokémon % Correct
I 008 Eau Carabaffe
99%
I 007 Eau Carapuce
99%
I 009 Eau Tortank
99%
I 130 Eau Vol Léviator
97%
I 129 Eau Magicarpe
97%
III 258 Eau Gobou
94%
II 158 Eau Kaiminus
94%
II 160 Eau Aligatueur
93%
III 259 Eau Sol Flobio
93%
IV 393 Eau Tiplouf
93%
II 159 Eau Crocrodil
91%
III 260 Eau Sol Laggron
91%
I 131 Eau Glace Lokhlass
91%
IV 395 Eau Acier Pingoléon
91%
I 060 Eau Ptitard
91%
I 062 Eau Combat Tartard
91%
I 061 Eau Têtarte
91%
I 134 Eau Aquali
90%
I 087 Eau Glace Lamantine
90%
III 271 Eau Plante Lombre
90%
III 272 Eau Plante Ludicolo
90%
V 501 Eau Moustillon
90%
IV 394 Eau Prinplouf
90%
I 080 Eau Psy Flagadoss
89%
III 365 Eau Glace Kaimorse
89%
II 172 Eau Electrik Lanturn
89%
II 170 Eau Electrik Loupio
89%
III 270 Eau Plante Nénupiot
89%
I 086 Eau Otaria
89%
I 079 Eau Psy Ramoloss
89%
III 319 Eau Ténèbres Sharpedo
89%
III 318 Eau Ténèbres Carvanha
87%
V 503 Eau Clamiral
87%
V 502 Eau Mateloutre
87%
III 363 Eau Glace Obalie
87%
III 364 Eau Glace Phogleur
87%
I 118 Eau Poissirène
87%
I 119 Eau Poissoroy
87%
I 072 Eau Poison Tentacool
87%
I 073 Eau Poison Tentacruel
87%
I 139 Eau Roche Amonistar
86%
I 138 Eau Roche Amonita
86%
I 091 Eau Glace Crustabri
86%
I 117 Eau Hypocéan
86%
I 116 Eau Hypotrempe
86%
II 199 Eau Psy Roigada
86%
I 120 Eau Stari
86%
I 121 Eau Psy Staross
86%
II 245 Eau Suicune
86%
VI 658 Eau Ténèbres Amphinobi
84%
II 230 Eau Dragon Hyporoi
84%
I 140 Eau Roche Kabuto
84%
I 141 Eau Roche Kabutops
84%
I 090 Eau Kokiyas
84%
III 382 Eau Kyogre
84%
iII 369 Eau Roche Relicanth
84%
III 278 Eau Vol Goélise
83%
VI 656 Eau Grenousse
83%
IV 490 Eau Manaphy
83%
IV 484 Eau Dragon Palkia
83%
IV 489 Eau Phione
83%
I 055 Eau Akwakwak
81%
III 279 Eau Vol Bekipan
81%
VI 657 Eau Croâporal
81%
II 211 Eau Poison Qwilfish
81%
II 186 Eau Tarpaud
81%
III 349 Eau Barpau
80%
II 226 Eau Vol Démanta
80%
I 054 Eau Psykokwak
80%
V 535 Eau Tritonde
80%
IV 458 Eau Vol Babimanta
79%
V 536 Eau Sol Batracné
79%
V 647 Eau Combat Keldeo
79%
III 350 Eau Milobellus
79%
V 593 Eau Spectre Moyade
79%
III 367 Eau Serpang
79%
III 283 Eau Insecte Arakdo
77%
IV 493 Eau Arceus
77%
II 194 Eau Sol Axoloto
77%
II 184 Eau Fée Azumarill
77%
III 340 Eau Sol Barbicha
77%
III 339 Eau Sol Barloche
77%
III 366 Eau Coquiperl
77%
V 581 Eau Vol Lakmécygne
77%
II 195 Eau Sol Maraiste
77%
II 183 Eau Fée Marill
77%
V 592 Eau Spectre Viskuse
77%
VI 721 Eau Feu Volcanion
77%
VII 751 Eau Insecte Araqua
76%
V 580 Eau Vol Couaneton
76%
V 537 Eau Sol Crapustule
76%
I 099 Eau Krabboss
76%
I 098 Eau Krabby
76%
IV 419 Eau Mustéflott
76%
VII 730 Eau Fée Oratoria
76%
III 368 Eau Rosabyss
76%
III 320 Eau Wailmer
76%
III 321 Eau Wailord
76%
IV 479 Eau Electrik Motisma
74%
IV 418 Eau Mustébouée
74%
VII 728 Eau Otaquin
74%
VII 752 Eau Insecte Tarenbulle
74%
III 342 Eau Ténèbres Colhomard
73%
IV 456 Eau Écayon
73%
III 341 Eau Écrapince
73%
III 370 Eau Lovdisc
73%
II 223 Eau Rémoraid
73%
IV 457 Eau Luminéon
71%
VII 729 Eau Otarlette
71%
V 564 Eau Roche Carapagos
70%
IV 400 Eau Normal Castorno
70%
II 222 Eau Roche Corayon
70%
V 565 Eau Roche Mégapagos
70%
II 224 Eau Octillery
70%
V 550 Eau Bargantua
69%
VI 688 Eau Roche Opermine
67%
V 515 Eau Flotajou
66%
V 516 Eau Flotoutan
64%
VI 689 Eau Roche Golgopathe
64%
V 594 Eau Mamanbo
64%
VI 690 Eau Poison Venalgue
64%
VIII 816 Eau Larméléon
63%
IV 423 Eau Sol Tritosor
63%
III 351 Eau Morpheo
60%
IV 422 Eau Sancoki
60%
VII 767 Eau Insecte Sovkipou
60%
VI 693 Eau Gamblast
59%
VIII 818 Eau Lézargus
59%
VII 779 Eau Psy Denticrisse
57%
VI 692 Eau Flingouste
57%
VII 748 Eau Poison Prédastérie
57%
VII 768 Eau Insecte Sarmuraï
57%
VII 747 Eau Poison Vorastérie
57%
VIII 817 Eau Arrozard
56%
VII 773 Eau Silvallié
54%
VII 746 Eau Froussardine
53%
VII 788 Eau Fée Tokopisco
51%
VIII 882 Eau Dragon Hydragon
50%
VIII 883 Eau Glace Hydragla
49%
VIII 892 Eau Combat Shifours
47%
VIII 834 Eau Roche Torgamord
46%
VIII 845 Eau Vol Nigosier
44%
VIII 902 Eau Spectre Paragruel
43%
VIII 833 Eau Khélocrok
40%
VII 771 Eau Concombaffe
37%
VIII 847 Eau Hastacuda
37%
VIII 846 Eau Embrochet
34%
Aucun quiz correspondant
Distribution des résultats
% des personnes avec chaque résultat
Percentile par nombre de réponses
Votre historique - résultats
Vous n’avez pas pris ce quiz depuis la dernière actualisation